000 00732nam a2200193Ia 4500
003 GCL
008 140319s9999 xx 000 0 ara d
040 _aGCL /
_cGCL
082 0 4 _aد
_b050
_bا ا
100 1 _aاكاديمية البحث العلمى والتكنولوجيا
245 1 0 _aمكتب براءات الاختراع -الانشطة -الاحصائيات /
_cاكاديمية البحث العلمى والتكنولوجيا
260 _a[S.N] :
_bاكاديميةالبحث العلمى
300 _a72
490 _aالموسوعة الموسيقية الميسرة
_v0
650 0 4 _aالتكنولوجيا
650 0 4 _aبراءات الاختراع
650 0 4 _aالبحث العلمى
942 _2ddc
_cCF
999 _c27057
_d27057